00952nam a2200253 a 450000100060000000300080000600500170001400800410003102000150007203500140008703500200010104000400012104100080016107000200016907200140018908200210020324500870022426000520031130000340036350001680039750400510056565000530061670000290066937273BD-RjUL20211209052608.0141119s1992 enka b 001 0 eng d a1872748015 a(BD-RjUL) a(OCoLC)27088273 aEUEcEUEdNNBGdICDdDNALdDLCbeng aeng0 aSB750.P47b1992 0aF830 F821 a632.32bPES 199200aPests and pathogens :bplant responses to foliar attack /c[edited by] P.G. Ayres. aOxford, UK :bBios Scientific Publishers,c1992 axii, 203 p. :bill. ;c25 cm. a"This book arises from a meeting ..., held 9-10 April 1992 at the University of Lancaster, under the auspices of the Society for Experimental Biology (SEB)"--P. v. aIncludes bibliographical references and index. 0aPlantsxDisease and pest resistancexCongresses.1 aAyres, P. G.q(Peter G.)